Historia de la moneda en Colombia / (Registro nro. 8265)
[ vista simple ]
| 000 -LEADER | |
|---|---|
| fixed length control field | 01337nam a2200241Ia 4500 |
| 003 - CONTROL NUMBER IDENTIFIER | |
| control field | OSt |
| 005 - DATE AND TIME OF LATEST TRANSACTION | |
| control field | 20210806103743.0 |
| 008 - FIXED-LENGTH DATA ELEMENTS--GENERAL INFORMATION | |
| fixed length control field | 210310s1945 ck fr 001 0 spa d |
| 040 ## - CATALOGING SOURCE | |
| Original cataloging agency | CO-JMCR |
| Transcribing agency | CO-JMCR |
| 041 0# - LANGUAGE CODE | |
| Language code of text/sound track or separate title | spa |
| 082 04 - DEWEY DECIMAL CLASSIFICATION NUMBER | |
| Classification number | 332.49861 / |
| Item number | T693h |
| Edition number | 23 |
| 100 1# - MAIN ENTRY--PERSONAL NAME | |
| Personal name | Torres García, Guillermo, |
| 9 (RLIN) | 16790 |
| Relator term | autor |
| 245 10 - TITLE STATEMENT | |
| Title | Historia de la moneda en Colombia / |
| Statement of responsibility, etc. | Guillermo Torres García |
| 260 ## - PUBLICATION, DISTRIBUTION, ETC. | |
| Place of publication, distribution, etc. | Bogotá : |
| Name of publisher, distributor, etc. | Banco de la República, |
| Date of publication, distribution, etc. | 1945 |
| 300 ## - PHYSICAL DESCRIPTION | |
| Extent | 465 páginas ; |
| Dimensions | 24 cm. |
| 500 ## - GENERAL NOTE | |
| General note | Incluye notas a pie de página e índice alfabético. |
| 504 ## - BIBLIOGRAPHY, ETC. NOTE | |
| Bibliography, etc. note | Bibliografía: páginas 449-460 |
| 505 0# - FORMATTED CONTENTS NOTE | |
| Formatted contents note | La unificación monetaria (1821-1845) -- El sistema monetario paralelo (1846) -- La lucha entre el oro y la plata (1847-1860) -- Un ensayo de papel moneda (1861-1863) -- El patrón de plata (1864-1870) -- El patrón de oro (1871-1885) -- Antecedentes del curso forzoso -- El papel moneda -- Las grandes emisiones (1899-1903) -- La estabilización del papel moneda (1904-1905) -- La conversión del papel moneda (1906-1922) -- El billete convertible (1923-1926) -- La inflación (1927-1928) -- La crisis (1929-1934) -- La devaluación (1935-1938) |
| 650 14 - SUBJECT ADDED ENTRY--TOPICAL TERM | |
| Topical term or geographic name entry element | Moneda |
| 9 (RLIN) | 16792 |
| General subdivision | Historia |
| Chronological subdivision | 1945 |
| Geographic subdivision | Colombia |
| 650 24 - SUBJECT ADDED ENTRY--TOPICAL TERM | |
| Topical term or geographic name entry element | Cuestión monetaria |
| Geographic subdivision | Colombia |
| 9 (RLIN) | 39107 |
| 650 24 - SUBJECT ADDED ENTRY--TOPICAL TERM | |
| Topical term or geographic name entry element | Inflación |
| Geographic subdivision | Colombia |
| 9 (RLIN) | 37112 |
| 942 ## - ADDED ENTRY ELEMENTS (KOHA) | |
| Source of classification or shelving scheme | Dewey Decimal Classification |
| Koha item type | Books |
| Withdrawn status | Lost status | Source of classification or shelving scheme | Damaged status | Not for loan | Collection code | Home library | Current library | Date acquired | Source of acquisition | Full call number | Barcode | Date last seen | Copy number | Koha item type | Public note |
|---|---|---|---|---|---|---|---|---|---|---|---|---|---|---|---|
| Dewey Decimal Classification | Non-fiction | Biblioteca Pública José María del Castillo y Rada | Biblioteca Pública José María del Castillo y Rada | 04/15/2018 | Donación | 332.49861 / T693h | 430002811 | 05/16/2024 | Ej.1 | Books | Exilibris: Nota en la tercer hoja. |